The creation of wealth: a Tata story (Record no. 347247)

000 -LEADER
fixed length control field 00378cam a22001457a 4500
008 - FIXED-LENGTH DATA ELEMENTS--GENERAL INFORMATION
fixed length control field 180718b1981 xxu||||| |||| 00| 0 eng d
082 ## - DEWEY DECIMAL CLASSIFICATION NUMBER
Classification number T31x54 L15
100 ## - MAIN ENTRY--PERSONAL NAME
Personal name Lala, R.M.
245 ## - TITLE STATEMENT
Title The creation of wealth: a Tata story
Statement of responsibility, etc. by R.M. Lala
260 ## - PUBLICATION, DISTRIBUTION, ETC.
Place of publication, distribution, etc. Bombay
Name of publisher, distributor, etc. IBH
Date of publication, distribution, etc. 1981
300 ## - PHYSICAL DESCRIPTION
Extent 209p.
650 ## - SUBJECT ADDED ENTRY--TOPICAL TERM
Topical term or geographic name entry element Corporations - India
650 ## - SUBJECT ADDED ENTRY--TOPICAL TERM
Topical term or geographic name entry element Industry - India
650 ## - SUBJECT ADDED ENTRY--TOPICAL TERM
Topical term or geographic name entry element Tatas
Holdings
Withdrawn status Lost status Damaged status Not for loan Permanent Location Current Location Date acquired Full call number Barcode Date last seen Price effective from Koha item type
        Indian Institute of Public Administration Indian Institute of Public Administration 1993-10-16 T31x54 L15 57283 2018-07-21 2018-07-21 Book

Powered by Koha